Renovating carbon / (Record no. 14278)

000 -LEADER
fixed length control field 02488cam a22003857i 4500
003 - CONTROL NUMBER IDENTIFIER
control field OSt
005 - DATE AND TIME OF LATEST TRANSACTION
control field 20260326152841.0
008 - FIXED-LENGTH DATA ELEMENTS--GENERAL INFORMATION
fixed length control field 230726s2022 cauae b 000 0 eng d
020 ## - INTERNATIONAL STANDARD BOOK NUMBER
International Standard Book Number 9781954081444
Qualifying information paperback
042 ## - AUTHENTICATION CODE
Authentication code lccopycat
082 04 - DEWEY DECIMAL CLASSIFICATION NUMBER
Classification number 720.47
Edition number 23/eng/20230510
245 00 - TITLE STATEMENT
Title Renovating carbon /
Statement of responsibility, etc Erik L'Heureux, Ed., Giovanni Cossu, Ed.
250 ## - EDITION STATEMENT
Edition statement First edition.
300 ## - PHYSICAL DESCRIPTION
Extent 191 pages :
Other physical details illustrations (chiefly color), plans ;
Dimensions 26 cm
504 ## - BIBLIOGRAPHY, ETC. NOTE
Bibliography, etc Includes bibliographical references.
520 8# - SUMMARY, ETC.
Summary, etc With global building stock projected to double in the next two decades, the challenge of reducing the carbon expenditure becomes a planning-design-construction opportunity. This urgently warrants an assessment of existing architectural practices and employment/usage of building systems, by professionals and experts to facilitate sustainable and optimistic experimentations. It is high time that we rethink the creative aspects of not just technology and buildings systems, but also the culture and the foundation of the building industry. The book begins to explore these facets of the complex relationship between the built environment, carbon mitigation and climate change through the low-carbon adaptive re-use of SDE1/3 of the former School of Design and Environment (SDE) at the National University of Singapore (NUS). The essays / articles extrapolate key themes on adaptive re-use to the hot and wet atmospheres on the urbanizing Equator. Unlike new-builds, the design and development of adaptive re-use projects straddle the existing realities of the built form and future projections of building use and operations.
650 #0 - SUBJECT ADDED ENTRY--TOPICAL TERM
Topical term or geographic name as entry element Sustainable architecture.
650 #0 - SUBJECT ADDED ENTRY--TOPICAL TERM
Topical term or geographic name as entry element Architecture
General subdivision Environmental aspects.
650 #0 - SUBJECT ADDED ENTRY--TOPICAL TERM
Topical term or geographic name as entry element Carbon dioxide mitigation.
650 #7 - SUBJECT ADDED ENTRY--TOPICAL TERM
Topical term or geographic name as entry element Architecture
General subdivision Environmental aspects.
Source of heading or term fast
650 #7 - SUBJECT ADDED ENTRY--TOPICAL TERM
Topical term or geographic name as entry element Carbon dioxide mitigation.
Source of heading or term fast
650 #7 - SUBJECT ADDED ENTRY--TOPICAL TERM
Topical term or geographic name as entry element Sustainable architecture.
Source of heading or term fast
700 1# - ADDED ENTRY--PERSONAL NAME
Personal name L'Heureux, Erik G.,
Relator term editor.
700 1# - ADDED ENTRY--PERSONAL NAME
Personal name Cossu, Giovanni,
Relator term editor.
700 1# - ADDED ENTRY--PERSONAL NAME
Personal name Menon, Lakshmi,
Relator term contributor.
700 1# - ADDED ENTRY--PERSONAL NAME
Personal name Höweler, Eric,
Dates associated with a name 1972-
Relator term contributor.
700 1# - ADDED ENTRY--PERSONAL NAME
Personal name Heng, Chye Kiang,
Dates associated with a name 1958-
Relator term contributor.
700 0# - ADDED ENTRY--PERSONAL NAME
Personal name Ho Puay-Peng,
Relator term contributor.
700 1# - ADDED ENTRY--PERSONAL NAME
Personal name Kessling, Wolfgang,
Relator term contributor.
700 1# - ADDED ENTRY--PERSONAL NAME
Personal name Kishnani, Nirmal,
Dates associated with a name 1962-
Relator term contributor.
700 1# - ADDED ENTRY--PERSONAL NAME
Personal name Knapp, Chris,
Relator term contributor.
700 1# - ADDED ENTRY--PERSONAL NAME
Personal name Comaroff, Joshua,
Relator term contributor.
700 1# - ADDED ENTRY--PERSONAL NAME
Personal name Lam, Khee Poh,
Dates associated with a name 1956-
Relator term contributor.
942 ## - ADDED ENTRY ELEMENTS (KOHA)
Source of classification or shelving scheme
Holdings
Withdrawn status Lost status Source of classification or shelving scheme Damaged status Koha normalized classification for sorting Not for loan Permanent location Current location Shelving location Date acquired Full call number Barcode Date last seen Price effective from Koha item type
        720_470000000000000   BMS College of Architecture, Design and Planning BMS College of Architecture, Design and Planning General Stacks 2025-12-16 720.47 AR-UG5170 2026-02-10 2026-02-10 UG Books
Copyright © 2025, The Librarian, Library and Information Centre, BMSCA D&P, Bengaluru. All Rights Reserved
web counter

Powered by Koha